|
|
|
|
| LEADER |
00000nam0a2200000 4500 |
| 001 |
258332 |
| 005 |
20260326071549.0 |
| 010 |
|
|
|a 5250000479
|
| 035 |
|
|
|a (RuTPU)RU\TPU\book\281180
|
| 090 |
|
|
|a 258332
|
| 100 |
|
|
|a 20140424d1988 k y0rusy50 ca
|
| 101 |
0 |
|
|a rus
|
| 102 |
|
|
|a RU
|
| 105 |
|
|
|a y z 000zy
|
| 200 |
1 |
|
|a Социалистическое отечество в опасности!; Тяжелый, но необходимый урок; На деловую почву; Серьезный урок и серьезная ответственность
|f В. И. Ленин
|
| 210 |
|
|
|a Москва
|c Политиздат
|d 1988
|
| 215 |
|
|
|a 16 с.
|
| 606 |
|
|
|a Россия
|x История
|7 ca
|8 rus
|2 stltpush
|3 (RuTPU)RU\TPU\subj\64777
|9 81526
|
| 606 |
|
|
|a Ленин В. И.
|j Отдельные произведения
|7 ca
|8 rus
|2 stltpush
|3 (RuTPU)RU\TPU\subj\73029
|9 86288
|
| 606 |
1 |
|
|a Государство и право
|x Теория
|2 stltpush
|3 (RuTPU)RU\TPU\subj\8388
|9 35806
|
| 610 |
1 |
|
|a социалистическое хозяйство
|
| 610 |
1 |
|
|a социалистическое строительство
|
| 610 |
1 |
|
|a милитаризм
|
| 610 |
1 |
|
|a Отечество
|
| 610 |
1 |
|
|a защита
|
| 610 |
1 |
|
|a история
|
| 610 |
1 |
|
|a 20 век
|
| 686 |
|
|
|a Т3(2)6-8Ленин156
|v LBC/SL-A
|2 rubbk
|
| 686 |
|
|
|a Т3(2)612
|v LBC/SL-A
|2 rubbk
|
| 686 |
|
|
|a Х0
|v LBC/SL-A
|2 rubbk
|
| 700 |
|
1 |
|a Ленин
|b В. И.
|c настоящая фамилия Ульянов
|c российский политический деятель
|f 1870-1924
|g Владимир Ильич
|2 stltpush
|3 (RuTPU)RU\TPU\pers\1074
|9 486
|
| 801 |
|
1 |
|a RU
|b 63413507
|c 20140424
|
| 801 |
|
2 |
|a RU
|b 63413507
|c 20200219
|g RCR
|
| 942 |
|
|
|c BK
|